Pitch Perfect 2 Riff Off Songs - Statistics

General Stats
  • This quiz has been taken 125 times
  • The average score is 6 of 16
Answer Stats
Song % Correct
Low
74%
(Shake, Shake, Shake) Shake Your Booty
63%
Before He Cheats
59%
Thong Song
59%
Bootylicious
56%
Flashlight
49%
We Are Never Ever Getting Back Together
44%
Baby Got Back
36%
What's Love Got To Do with It
32%
A Thousand Miles
31%
Poison
27%
Insane in the Brain
26%
This is How We Do It
20%
Doo Wop (That Thing)
15%
Live Like You Were Dying
12%
Scenario
11%
No matching quizzes found
Score Distribution
Percent of People with Each Score
Percentile by Number Answered
Your Score History
You have not taken this quiz